CARDIOVASCULAR NURSING (Record no. 10802)

MARC details
000 -LEADER
fixed length control field 00338nam a22001577a 4500
003 - CONTROL NUMBER IDENTIFIER
control field SGT
020 ## - INTERNATIONAL STANDARD BOOK NUMBER
International Standard Book Number 978-81-312-1127-4
082 ## - DEWEY DECIMAL CLASSIFICATION NUMBER
Classification number 610.73691
Item number C12L
100 ## - MAIN ENTRY--PERSONAL NAME
Personal name LUCITA, MARY
245 ## - TITLE STATEMENT
Title CARDIOVASCULAR NURSING
250 ## - EDITION STATEMENT
Edition statement 2ND
260 ## - PUBLICATION, DISTRIBUTION, ETC. (IMPRINT)
Place of publication, distribution, etc INDIA
Name of publisher, distributor, etc ELSEVIER
Year of Publication 2012
300 ## - PAGE DESCRIPTION
No. of Pages 291
650 ## - SUBJECT ADDED ENTRY--TOPICAL TERM
Topical term or geographic name as entry element NURSING
942 ## - ADDED ENTRY ELEMENTS (KOHA)
Source of classification or shelving scheme Dewey Decimal Classification
Koha item type Books
942 ## - ADDED ENTRY ELEMENTS (KOHA)
-- 3
Holdings
Withdrawn status Lost status Source of classification or shelving scheme Damaged status Not for loan Collection code Home library Current library Shelving location Date acquired Vendor Name Cost, normal purchase price SGTU Bill Number Total Checkouts Full call number Accession No. (Barcode) Date last seen Date last borrowed Bill Date Koha item type
    Dewey Decimal Classification     NURSING SGT Medical Library SGT Medical Library Text Book 08/02/2017 ABC 425.00 SGTU 7429 3 610.73691 C12L FN3126 07/10/2025 10/09/2025 04/11/2016 Books
    Dewey Decimal Classification     NURSING SGT Medical Library SGT Medical Library Text Book 08/02/2017 ABC 425.00 SGTU 7429 1 610.73691 C12L FN3127 22/11/2024 11/11/2024 04/11/2016 Books